00376nam a2200109Ia 4500008004100000245010700041260003500148260000900183300000900192650001300201856005200214170516s9999 xx 000 0 und d 4aThe Evolution and Structural Organization of the Organs of Vertebrate Immune System Elena D. Sotnikova bAsian Journal of Pharmaceutics c2017 a11:1 xPharmacy uhttp://www.asiapharmaceutics.info/index.php/ajp